000 01092nam1a22002651i 4500
001 rc\2129418
005 20240726013000.0
035 _a(NLR Aleph) 006699439
090 _a5228695
_c5228695
100 _a20110829g1978 |||y0rusy50 ca
101 0 _arus
102 _aRU
105 _a j |||||
200 1 _aМетодика трудового обучения с практикумом в учебных мастерских
_eУчеб.-метод. пособие для студентов-заочников 2 и 3 курсов фак. педагогики и методики нач. обучения пед. ин-тов
210 _aМосква
_cПросвещение
_d1978-
215 _d21
300 _aВ надзаг.: Моск. гос. заоч. пед. ин-т
700 1 _aГукасова
_bА.М.
_gАлла Матвеевна
701 1 _aФрейтаг
_bИ.П.
_gИрина Павловна
801 1 _aRU
_bELAR
_2rusmarc
801 0 _aRU
_bNLR
_gpsbo
852 _aNLR
_j78-6/6242
899 _aRuMoRGB
_jБ 78-36/198
899 _aRuMoRGB
_jБ 78-36/196
942 _cBOOK